000 00598nam a2200205 i 4500
001 16776
003 ES-MaACL
005 20250607063010.0
007 t|
008 001106s1940 fr ||||1| spa d
080 _a821.134.2-94"19"
100 1 _aMontseny, Federica,
_d1905-1994
_9240807
245 1 0 _aAmor sin maƱana /
_cFederica Montseny.
260 _aToulouse :
_bUniverso,
_c[194-?]
300 _a30 p. ;
_c17 cm.
490 1 _aLecturas para la juventud
830 0 _aLecturas para la juventud
_9180035
852 _aES-MaACL
_j2156-F-1
_bR.126920
999 _c16776
_d16776